পলাশী যুদ্ধোত্তর মুসলিম সমাজ ও নীল বিদ্রোহ / (Record no. 38302)
[ view plain ]
| 000 -LEADER | |
|---|---|
| fixed length control field | 00826nam a22002177a 4500 |
| 001 - CONTROL NUMBER | |
| control field | 38302 |
| 003 - CONTROL NUMBER IDENTIFIER | |
| rucl marc code | BD-RjUL |
| 005 - DATE AND TIME OF LATEST TRANSACTION | |
| control field | 20211209052752.0 |
| 008 - FIXED-LENGTH DATA ELEMENTS--GENERAL INFORMATION | |
| fixed length control field | 151102s1982 bg ||||| |||| 00| 0 ben d |
| 035 ## - SYSTEM CONTROL NUMBER | |
| System control number | (BD-RjUL)38407 |
| 040 ## - CATALOGING SOURCE | |
| Original cataloging agency | BD-RjUL |
| Language of cataloging | ben |
| Transcribing agency | BD-RjUL |
| 041 ## - LANGUAGE CODE | |
| Language code of text/sound track or separate title | ben |
| 082 ## - DEWEY DECIMAL CLASSIFICATION NUMBER | |
| Edition number | 21 |
| Classification number | 954.0294 |
| Author mark and year | HOP 1982 |
| 100 ## - MAIN ENTRY--PERSONAL NAME | |
| Personal name | হক, মেসবাহুল |
| 9 (RLIN) | 118399 |
| 245 ## - TITLE STATEMENT | |
| Title | পলাশী যুদ্ধোত্তর মুসলিম সমাজ ও নীল বিদ্রোহ / |
| Statement of responsibility, etc. | মেসবাহুল হক |
| 260 ## - PUBLICATION, DISTRIBUTION, ETC. (IMPRINT) | |
| Place of publication, distribution, etc. | ঢাকা : |
| Name of publisher, distributor, etc. | ইসলামিক ফাউন্ডেশন, |
| Date of publication, distribution, etc. | ১৯৮২ |
| 300 ## - PHYSICAL DESCRIPTION | |
| Pagination | ৩৮৮ পৃ. ; |
| Size | ২১ সেমি. |
| 650 ## - SUBJECT ADDED ENTRY--TOPICAL TERM | |
| Topical term or geographic name as entry element | Plassey, Battle of, Palāshi, India, 1757. |
| 9 (RLIN) | 118400 |
| 651 ## - SUBJECT ADDED ENTRY--GEOGRAPHIC NAME | |
| Geographic name | India |
| General subdivision | History |
| Chronological subdivision | 1526-1765. |
| 9 (RLIN) | 118365 |
| 942 ## - ADDED ENTRY ELEMENTS (KOHA) | |
| Source of classification or shelving scheme | Dewey Decimal Classification |
| Koha item type | Books |
| Lost status | Source of classification or shelving scheme | Damaged status | Not for loan | Collection code | Permanent Location | Current Location | Shelving location | Date acquired | Source of acquisition | Total Checkouts | Full call number | Date last seen | Date checked out | Copy number | Koha item type |
|---|---|---|---|---|---|---|---|---|---|---|---|---|---|---|---|
| Dewey Decimal Classification | Non-fiction | Central Library, University of Rajshahi | Central Library, University of Rajshahi | 03/11/1983 | Gift | 2 | B 954.0294 HOP 1982 | 26/01/2025 | 22/12/2024 | C-2 | Books |